| 000 | 01000cam a22003015a 4500 | ||
|---|---|---|---|
| 001 | 017752379 | ||
| 003 | OSt | ||
| 005 | 20161011153523.0 | ||
| 008 | 150318s2014 cc a fr 000 0 eng d | ||
| 020 | _a9787508527888 | ||
| 020 | _a7508527887 | ||
| 040 |
_aAU@ _beng _cAU@ _dOCLCO _dOCLCF _dUk _dEG-ScBUE |
||
| 041 | 1 |
_aeng _hchi |
|
| 043 | _aa-cc--- | ||
| 082 | 0 | 4 |
_a324.251075 _222 _bDES |
| 100 | 1 |
_aDeshan, Yang, _941452 |
|
| 245 | 1 | 4 |
_aThe communist party of China and contemporary China / _cBy Yang Deshan & Zhao Shumei. |
| 260 |
_a[Beijing] : _bChina Intercontinental Press, _c[2014] |
||
| 300 |
_a210 p. : _bill. ; _c23 cm. |
||
| 490 | 0 | _aContemporary China. | |
| 546 | _aText in English ; translated from original Chinese. | ||
| 650 | 7 |
_aPolitical parties _zChina. _2BUEsh _941453 |
|
| 651 | 7 |
_aChina _xPolitics and government _y2002- _2BUEsh _932744 |
|
| 651 | 7 |
_aChina _xHistory _y2002- _2BUEsh _941455 |
|
| 653 |
_bBUSBOL _cOctober2016 |
||
| 700 | 1 |
_aZhao, Shumei _c(Historian), |
|
| 942 | _2ddc | ||
| 999 |
_c22516 _d22488 |
||